Estatísticas para Países que já sediaram O Grande Prêmio de Formula 1

Clique aqui para jogar o quiz

Estatísticas Gerais

  • Esse quiz foi jogado 594 vezes
  • A pontuação média é 25 de 32

Estatísticas das Respostas

Resposta% Correto
9Brasil
99%
15Estados Unidos
95%
14Espanha
94%
19Itália
94%
2Alemanha
92%
4Australia
92%
20Japão
92%
10Canada
91%
16França
91%
22México
91%
3Argentina
90%
11China
90%
26Portugal
90%
27Reino Unido
90%
5Austria
87%
28Russia
86%
23Mônaco
85%
8Bélgica
84%
1África do Sul
81%
25Paises Baixos
81%
13Emirados Árabes Unidos
74%
18Índia
71%
17Hungria
69%
29Singapura
68%
12Coreia do Sul
65%
30Suíça
64%
6Azerbaijão
63%
32Turquia
63%
31Suécia
62%
21Malásia
53%
24Marrocos
39%
7Bahrain
36%

Distribuição das Pontuações

Percentil de Números Respondidos

Porcentagem de Pessoas com Cada Pontuação

Sua Pontuação Histórica

Você não jogou esse quiz